Mets-toi ma place! : (Notice n° 18865)
[ affichage normal ]
| 000 -LEADER | |
|---|---|
| fixed length control field | 01303cam a2200361 i 4500 |
| 001 - CONTROL NUMBER | |
| control field | 0008012677 |
| 003 - CONTROL NUMBER IDENTIFIER | |
| control field | OSt |
| 005 - DATE AND TIME OF LATEST TRANSACTION | |
| control field | 20260530100024.0 |
| 008 - FIXED-LENGTH DATA ELEMENTS--GENERAL INFORMATION | |
| fixed length control field | 250730s2026 quca j 000 0 fre |
| 020 ## - INTERNATIONAL STANDARD BOOK NUMBER | |
| International Standard Book Number | 9782898700644 |
| 020 ## - INTERNATIONAL STANDARD BOOK NUMBER | |
| International Standard Book Number | 2898700649 |
| 040 ## - CATALOGING SOURCE | |
| Original cataloging agency | QMBN |
| Language of cataloging | fre |
| Description conventions | rda |
| Transcribing agency | QMBN |
| Modifying agency | QMBND |
| 050 #4 - LIBRARY OF CONGRESS CALL NUMBER | |
| Classification number | BF723.E67 |
| 082 04 - DEWEY DECIMAL CLASSIFICATION NUMBER | |
| Classification number | ALB PAP |
| Item number | P217m |
| Edition number | 23/fre/202603 |
| 082 05 - DEWEY DECIMAL CLASSIFICATION NUMBER | |
| Classification number | 155.41241 |
| Item number | P217m |
| Edition number | 23/fre/202603 |
| 091 0# - MICROFILM SHELF LOCATION (AM) [OBSOLETE] | |
| Microfilm shelf location | 155.41241 |
| 100 1# - MAIN ENTRY--PERSONAL NAME | |
| Personal name | Papineau, Lucie, |
| Dates associated with a name | 1962- |
| Relator term | auteur |
| 245 10 - TITLE STATEMENT | |
| Title | Mets-toi ma place! : |
| Remainder of title | une histoire d'empathie / |
| Statement of responsibility, etc. | texte, Lucie Papineau ; illustrations, Sophie Benmouyal |
| 264 #1 - PRODUCTION, PUBLICATION, DISTRIBUTION, MANUFACTURE, AND COPYRIGHT NOTICE | |
| Place of production, publication, distribution, manufacture | Montrǎl (Qub̌ec) : |
| Name of producer, publisher, distributor, manufacturer | la Bagnole, |
| Date of production, publication, distribution, manufacture, or copyright notice | [2026] |
| 300 ## - PHYSICAL DESCRIPTION | |
| Extent | 1 volume (non pagin)̌ : |
| Other physical details | illustrations en couleur ; |
| Dimensions | 27 cm |
| 336 ## - CONTENT TYPE | |
| Content type term | texte |
| Content type code | txt |
| Source | rdacontent |
| 337 ## - MEDIA TYPE | |
| Media type term | sans mďiation |
| Media type code | n |
| Source | rdamedia |
| 338 ## - CARRIER TYPE | |
| Carrier type term | volume |
| Carrier type code | nc |
| Source | rdacarrier |
| 490 1# - SERIES STATEMENT | |
| Series statement | La vie devant toi |
| 521 ## - TARGET AUDIENCE NOTE | |
| Target audience note | Pour enfants de 5 ans et plus |
| 650 #6 - SUBJECT ADDED ENTRY--TOPICAL TERM | |
| Topical term or geographic name as entry element | Empathie chez l'enfant |
| Form subdivision | Ouvrages pour la jeunesse |
| 650 #7 - SUBJECT ADDED ENTRY--TOPICAL TERM | |
| Topical term or geographic name as entry element | Compassion |
| Source of heading or term | vmj |
| 655 #7 - INDEX TERM--GENRE/FORM | |
| Genre/form data or focus term | Albums de fiction documentaire |
| Source of term | rvmgf |
| 700 1# - ADDED ENTRY--PERSONAL NAME | |
| Personal name | Benmouyal, Sophie |
| Relator term | illustrateur |
| 830 #0 - SERIES ADDED ENTRY--UNIFORM TITLE | |
| Uniform title | Vie devant toi |
| 942 ## - ADDED ENTRY ELEMENTS (KOHA) | |
| Source of classification or shelving scheme | Dewey Decimal Classification |
| Koha item type | Album jeunesse |
| Withdrawn status | Lost status | Source of classification or shelving scheme | Damaged status | Not for loan | Home library | Current library | Date acquired | Total Checkouts | Full call number | Barcode | Date last seen | Price effective from | Koha item type |
|---|---|---|---|---|---|---|---|---|---|---|---|---|---|
| Dewey Decimal Classification | Bibliothèque municipale d'Henryville | Bibliothèque municipale d'Henryville | 2026-05-30 | ALB PAP | 30001030026795 | 2026-05-30 | 2026-05-30 | Album jeunesse |